<?xml version="1.0" encoding="UTF-8"?>
<resp>
  <nextPage>https://data.bn.org.pl/api/networks/bibs.marcxml?marc=001+b1000002973719&amp;sinceId=1000002973720</nextPage>
  <collection>
    <record xmlns='http://www.loc.gov/MARC21/slim'><leader>02133naa a2200565 i 4500</leader><controlfield tag='001'>b1000002973719</controlfield><controlfield tag='005'>20241203215643.3</controlfield><controlfield tag='008'>230719s2020    pl           |000 0 pol c</controlfield><controlfield tag='009'>9913276822105606</controlfield><datafield ind1=' ' ind2=' ' tag='035'><subfield code='a'>(PL)b1000002973719</subfield></datafield><datafield ind1=' ' ind2=' ' tag='040'><subfield code='a'>WA N</subfield><subfield code='c'>WA N</subfield><subfield code='d'>WA N</subfield></datafield><datafield ind1='2' ind2=' ' tag='045'><subfield code='b'>d2012</subfield><subfield code='b'>d2020</subfield></datafield><datafield ind1=' ' ind2=' ' tag='046'><subfield code='k'>2020</subfield></datafield><datafield ind1=' ' ind2=' ' tag='080'><subfield code='a'>327(045/046)</subfield></datafield><datafield ind1='1' ind2=' ' tag='100'><subfield code='a'>Matiaszczyk, Natalia</subfield><subfield code='e'>Autor</subfield></datafield><datafield ind1='1' ind2='0' tag='245'><subfield code='a'>Podzieleni przez historię :</subfield><subfield code='b'>wpływ wydarzeń historycznych na współczesne relacje japońsko-południowokoreańskie /</subfield><subfield code='c'>Natalia Matiaszczyk (Katedra Studiów Azjatyckich. Wydział Studiów Międzynarodowych i Politologicznych. Uniwersytet Łódzki).</subfield></datafield><datafield ind1='3' ind2='0' tag='246'><subfield code='a'>Wpływ wydarzeń historycznych na współczesne relacje japońsko-południowokoreańskie</subfield></datafield><datafield ind1=' ' ind2=' ' tag='260'><subfield code='c'>2020.</subfield></datafield><datafield ind1=' ' ind2=' ' tag='336'><subfield code='a'>Tekst</subfield><subfield code='b'>txt</subfield><subfield code='2'>rdacontent</subfield></datafield><datafield ind1=' ' ind2=' ' tag='337'><subfield code='a'>Bez urządzenia pośredniczącego</subfield><subfield code='b'>n</subfield><subfield code='2'>rdamedia</subfield></datafield><datafield ind1=' ' ind2=' ' tag='338'><subfield code='a'>Wolumin</subfield><subfield code='b'>nc</subfield><subfield code='2'>rdacarrier</subfield></datafield><datafield ind1=' ' ind2=' ' tag='380'><subfield code='a'>Artykuły</subfield></datafield><datafield ind1=' ' ind2=' ' tag='380'><subfield code='a'>Publikacje naukowe</subfield></datafield><datafield ind1='1' ind2=' ' tag='388'><subfield code='a'>2001-</subfield></datafield><datafield ind1=' ' ind2=' ' tag='504'><subfield code='a'>Bibliografia, netografia na stronach 228-229.</subfield></datafield><datafield ind1=' ' ind2='7' tag='648'><subfield code='a'>2001-</subfield><subfield code='2'>DBN</subfield></datafield><datafield ind1=' ' ind2='7' tag='650'><subfield code='a'>Polityka zagraniczna</subfield><subfield code='2'>DBN</subfield></datafield><datafield ind1=' ' ind2='7' tag='651'><subfield code='a'>Japonia</subfield><subfield code='2'>DBN</subfield></datafield><datafield ind1=' ' ind2='7' tag='651'><subfield code='a'>Korea Południowa</subfield><subfield code='2'>DBN</subfield></datafield><datafield ind1=' ' ind2='7' tag='655'><subfield code='a'>Artykuł problemowy</subfield><subfield code='2'>DBN</subfield></datafield><datafield ind1=' ' ind2='7' tag='655'><subfield code='a'>Artykuł z pracy zbiorowej</subfield><subfield code='2'>DBN</subfield></datafield><datafield ind1=' ' ind2=' ' tag='658'><subfield code='a'>Polityka, politologia, administracja publiczna</subfield></datafield><datafield ind1='2' ind2=' ' tag='710'><subfield code='a'>Katedra Studiów Azjatyckich (Uniwersytet Łódzki)</subfield><subfield code='4'>oth</subfield></datafield><datafield ind1='0' ind2=' ' tag='773'><subfield code='i'>W:</subfield><subfield code='t'>Między Wschodem a Zachodem, między Północą a Południem. 4.</subfield><subfield code='g'>s. 217-229</subfield><subfield code='w'>(PL)b1000001019671</subfield></datafield><datafield ind1=' ' ind2=' ' tag='852'><subfield code='b'>48OMNIS_NLOP</subfield><subfield code='8'>991053079486305066</subfield></datafield><datafield ind1=' ' ind2=' ' tag='852'><subfield code='b'>48OMNIS_NETWORK</subfield><subfield code='8'>9913276822105606</subfield></datafield></record>
  </collection>
</resp>
